Statistics for Countries In Calling Zone 5

Click here to take the quiz!

General Stats

  • This quiz has been taken 8 times
  • The average score is 21 of 22

Answer Stats

CountryCode% Correct
Argentina(+54)
100%
Belize(+501)
100%
Brazil(+55)
100%
Chile(+56)
100%
Colombia(+57)
100%
Costa Rica(+506)
100%
Ecuador(+593)
100%
El Salvador(+503)
100%
Nicaragua(+505)
100%
Panama(+507)
100%
Paraguay(+595)
100%
Peru(+51)
100%
Uruguay(+598)
100%
Bolivia(+591)
88%
Cuba(+53)
88%
Guatemala(+502)
88%
Guyana(+592)
88%
Haiti(+509)
88%
Honduras(+504)
88%
Suriname(+597)
88%
Venezuela(+58)
88%
Mexico(+52)
75%

Score Distribution

Percentile by Number Answered

Percent of People with Each Score

Your Score History

You have not taken this quiz